الكلب / (رقم التسجيلة. 52921)

تفاصيل مارك
000 -LEADER
fixed length control field 00513nam a22001817a 4500
005 - DATE AND TIME OF LATEST TRANSACTION
control field 20251108170942.0
008 - FIXED-LENGTH DATA ELEMENTS--GENERAL INFORMATION
fixed length control field 250721s9999 xx 000 0 ara d
082 14 - DEWEY DECIMAL CLASSIFICATION NUMBER
Classification number ط/599.4/أشر
100 1# - MAIN ENTRY--PERSONAL NAME
Personal name أشرف، وفاء
245 10 - TITLE STATEMENT
Title الكلب /
264 1# - PRODUCTION, PUBLICATION, DISTRIBUTION, MANUFACTURE, AND COPYRIGHT NOTICE
Place of production, publication, distribution, manufacture بيروت :
Name of producer, publisher, distributor, manufacturer دار الكتب الحديثة،
300 ## - PHYSICAL DESCRIPTION
Extent 16ص : مص
490 0# - SERIES STATEMENT
Series statement أريد أن أعرف
Volume/sequential designation 5
650 17 - SUBJECT ADDED ENTRY--TOPICAL TERM
Topical term or geographic name as entry element الكلاب
653 ## - INDEX TERM--UNCONTROLLED
Uncontrolled term اطفال مرحلة متوسطة (6-9)سنوات
942 ## - ADDED ENTRY ELEMENTS (KOHA)
Source of classification or shelving scheme Dewey Decimal Classification
Koha item type كتب
المقتنيات
حالة السحب حالة الفقدان مصدر التصنيف حالة التلف غير قابل للإعارة المكتبة الرئيسية المكتبة الحالية موقع الرف تاريخ التزويد الرقم المتسلسل Total Checkouts رقم الإستدعاء تاريخ آخر ظهور تاريخ الفاتورة نوع المادة (كوها) الباركود
    Dewey Decimal Classification Unchecked   مكتبة أبو علندا العامة مكتبة أبو علندا العامة الأطفال 06/07/2004 374   ط/599.4/أشر 28/07/2025 06/07/2004 كتب  
    Dewey Decimal Classification     مكتبة بدر للأطفال مكتبة بدر للأطفال الأطفال 16/08/2022 268362   ط/599.4/أشر 28/07/2025 16/08/2022 كتب PLD00499486
    Dewey Decimal Classification     مكتبة حمزة العامة مكتبة حمزة العامة الأطفال 07/03/2018 1668207   ط/599.4/أشر 28/07/2025 07/03/2018 كتب PLD00419479
Implemented & Customized by: BBB with SCIT (Smart Chains for Information Technology)

Powered by Koha